| 000 | 00485nam a2200181 a 4500 | ||
|---|---|---|---|
| 001 | 1769060271014 | ||
| 003 | YourLibrary | ||
| 005 | 20260122110927.0 | ||
| 008 | 260122s1992##################000#0#eng## | ||
| 020 | _a9780876307038 | ||
| 082 | 0 | 4 |
_a618.9289 _bWIN |
| 100 | 1 |
_aWinnicott, Donald Woods, _eauthor. |
|
| 245 | 1 | 0 | _aThrough Paediatrics to Psycho-analysis : |
| 260 |
_bRoutledge, _c1992. |
||
| 650 | 0 | _aAnxiety. | |
| 942 | _cENGLISH | ||
| 040 |
_aYourLibrary _beng _cYourLibrary |
||
| 999 |
_c608877 _d608877 |
||